ბათუმის შოთა რუსთაველის სახელმწიფო უნივერსიტეტის ბიბლიოთეკა

ამერიკული თეთრი პეპელას(Hyphartria cunea Drury)გამოვლენა და მისი ლიკვიდაციის გზები. (ბიბ.ჩანაწერი № 35380)

000 -LEADER
fixed length control field 01012nam a2200217Ia 4500
001 - CONTROL NUMBER
control field 1233
003 - CONTROL NUMBER IDENTIFIER
control field GE_BSU
008 - FIXED-LENGTH DATA ELEMENTS--GENERAL INFORMATION
fixed length control field 181216s||||||||xx |||||||||||||| ||und||
040 ## - CATALOGING SOURCE
Transcribing agency GE_BSU
080 ## - UNIVERSAL DECIMAL CLASSIFICATION NUMBER
Universal Decimal Classification number 632
100 ## - MAIN ENTRY--PERSONAL NAME
Personal name ალექსიძე, აგურამ.მურვანიძე, ავთანდილ. ორჯონიკიძე ესმა.
245 ## - TITLE STATEMENT
Title ამერიკული თეთრი პეპელას(Hyphartria cunea Drury)გამოვლენა და მისი ლიკვიდაციის გზები.
245 ## - TITLE STATEMENT
Remainder of title მეთოდური მითითება.
260 ## - PUBLICATION, DISTRIBUTION, ETC.
Place of publication, distribution, etc. თბილისი.
260 ## - PUBLICATION, DISTRIBUTION, ETC.
Date of publication, distribution, etc. 2009.
300 ## - PHYSICAL DESCRIPTION
Extent 27გვ. 21 სმ.ილ.
653 ## - INDEX TERM--UNCONTROLLED
Uncontrolled term ამერიკული თეთრი პეპელას გამოვლენა და მისი ლიკვიდაციის გზები.
653 ## - INDEX TERM--UNCONTROLLED
Uncontrolled term მეთოდური მითითება
942 ## - ADDED ENTRY ELEMENTS (KOHA)
Koha item type წიგნი
ეგზემპლარები
Withdrawn status Lost status Damaged status Not for loan Date acquired Barcode Date last seen Price effective from Koha item type
        2018-12-17 2817 2018-12-17 2018-12-17 წიგნი